000 01017nam a2200253 i 4500
001 168820
003 ES-MaACL
005 20250830095401.0
008 080612s1952 sp f |||| | spa d
080 _a321.01
100 1 _aLópez-Amo, Angel.
_973400
245 1 0 _aEstado medieval y Antiguo Régimen /
_cÁngel López-Amo.
260 _aMadrid :
_bAteneo,
_c1952.
300 _a60 p. :
_b1 lám. ;
_c19 cm.
490 1 _aColección "O crece o muere" ;
_v11
594 _aEl texto fue dado a conocer en una conferencia pronunciada por el autor en el Ateneo de Madrid, en el ciclo "Balances de la cultura moderna y actualización de la tradición española", durante el curso académico 1950-51.
610 2 4 _aAteneo de Madrid-
_vConferencias-
_y1940-1982.
_91908
650 0 7 _aEstado
_2embne
_912523
650 4 _aPolítica-
_xFilosofía
_916274
830 1 0 _aColección "O crece o muere"
_v11
_9183476
852 _aES-MaACL
_jJ-24 (11)
852 _aES-MaACL
_jJ-25 (11)
999 _c168820
_d168820